<?xml version="1.0" encoding="UTF-8"?>
<record
    xmlns:xsi="http://www.w3.org/2001/XMLSchema-instance"
    xsi:schemaLocation="http://www.loc.gov/MARC21/slim http://www.loc.gov/standards/marcxml/schema/MARC21slim.xsd"
    xmlns="http://www.loc.gov/MARC21/slim">

  <leader>00930nam a22001817a 4500</leader>
  <controlfield tag="008">100727t        xxu||||| |||| 00| 0 eng d</controlfield>
  <datafield tag="082" ind1=" " ind2=" ">
    <subfield code="2">22</subfield>
    <subfield code="a">623.37</subfield>
    <subfield code="b">&#x647; &#x627; &#x631;</subfield>
  </datafield>
  <datafield tag="100" ind1=" " ind2=" ">
    <subfield code="9">16875</subfield>
    <subfield code="a">&#x647;&#x627;&#x631;&#x648;&#x644;, &#x645;&#x627;&#x631;&#x643; &#x623;.</subfield>
  </datafield>
  <datafield tag="245" ind1=" " ind2=" ">
    <subfield code="a">&#x627;&#x644;&#x634;&#x62A;&#x627;&#x621; &#x627;&#x644;&#x646;&#x648;&#x648;&#x649; :</subfield>
    <subfield code="b">&#x62A;&#x623;&#x62B;&#x64A;&#x631;&#x627;&#x62A; &#x627;&#x644;&#x62D;&#x631;&#x628; &#x627;&#x644;&#x646;&#x648;&#x648;&#x64A;&#x629; &#x639;&#x644;&#x649; &#x627;&#x644;&#x625;&#x646;&#x633;&#x627;&#x646;&#x64A;&#x629; &#x648;&#x639;&#x644;&#x649; &#x627;&#x644;&#x628;&#x64A;&#x626;&#x629;</subfield>
    <subfield code="c"> /&#x645;&#x627;&#x631;&#x643; &#x623;. &#x647;&#x627;&#x631;&#x648;&#x644;&#x61B;  &#x62A;&#x631;&#x62C;&#x645;&#x629; &#x639;&#x628;&#x62F; &#x627;&#x644;&#x644;&#x647; &#x62D;&#x64A;&#x62F;&#x631;</subfield>
  </datafield>
  <datafield tag="260" ind1=" " ind2=" ">
    <subfield code="a">&#x628;&#x64A;&#x631;&#x648;&#x62A;:</subfield>
    <subfield code="b">&#x62F;&#x627;&#x631; &#x627;&#x644;&#x631;&#x642;&#x649;&#x61B;</subfield>
    <subfield code="c">&#x633;.1986</subfield>
  </datafield>
  <datafield tag="300" ind1=" " ind2=" ">
    <subfield code="a">288 &#x633;&#x645;&#x61B;</subfield>
    <subfield code="c">20&#x633;&#x645;</subfield>
  </datafield>
  <datafield tag="500" ind1=" " ind2=" ">
    <subfield code="a">&#x62A;&#x645;&#x647;&#x64A;&#x62F; &#x628;&#x642;&#x644;&#x645; &#x631;&#x627;&#x633;&#x644; &#x648;. &#x628;&#x64A;&#x62A;&#x631;&#x633;&#x648;&#x646;</subfield>
  </datafield>
  <datafield tag="650" ind1=" " ind2=" ">
    <subfield code="9">16888</subfield>
    <subfield code="a">&#x627;&#x644;&#x623;&#x633;&#x644;&#x62D;&#x629; &#x627;&#x644;&#x630;&#x631;&#x64A;&#x629;</subfield>
  </datafield>
  <datafield tag="650" ind1=" " ind2=" ">
    <subfield code="9">16889</subfield>
    <subfield code="a">&#x627;&#x644;&#x62D;&#x631;&#x628; &#x627;&#x644;&#x646;&#x648;&#x648;&#x64A;&#x629;</subfield>
  </datafield>
  <datafield tag="700" ind1=" " ind2=" ">
    <subfield code="9">16880</subfield>
    <subfield code="a">&#x62D;&#x64A;&#x62F;&#x631;, &#x639;&#x628;&#x62F; &#x627;&#x644;&#x644;&#x647;</subfield>
    <subfield code="c">&#x645;&#x62A;&#x631;&#x62C;&#x645;</subfield>
  </datafield>
  <datafield tag="942" ind1=" " ind2=" ">
    <subfield code="2">ddc</subfield>
    <subfield code="c">BB</subfield>
  </datafield>
  <datafield tag="999" ind1=" " ind2=" ">
    <subfield code="c">14571</subfield>
    <subfield code="d">14571</subfield>
  </datafield>
  <datafield tag="952" ind1=" " ind2=" ">
    <subfield code="0">0</subfield>
    <subfield code="1">0</subfield>
    <subfield code="2">ddc</subfield>
    <subfield code="4">0</subfield>
    <subfield code="7">0</subfield>
    <subfield code="8">Alef-Baa</subfield>
    <subfield code="a">MAIN</subfield>
    <subfield code="b">MAIN</subfield>
    <subfield code="c">1ST</subfield>
    <subfield code="d">2010-07-27</subfield>
    <subfield code="e">purchase</subfield>
    <subfield code="l">1</subfield>
    <subfield code="o">623.37 &#x647;&#x627;&#x631;</subfield>
    <subfield code="p">000025208</subfield>
    <subfield code="r">2025-07-15 00:00:00</subfield>
    <subfield code="s">2011-12-06</subfield>
    <subfield code="y">BB</subfield>
  </datafield>
</record>
